000 00514nam a2200193 a 4500
001 1771681180181
003 YourLibrary
005 20260221191140.0
008 260221s2005##################000#0#eng##
020 _a9780521549929
082 0 4 _a320.947
_bLYN
100 1 _aLynch, Allen C.,
_eauthor.
245 1 0 _aHow Russia is Not Ruled :
260 _bCambridge University Press,
_c2005.
300 _a288 pages
650 0 _aPolitical Science.
942 _cENGLISH
040 _aYourLibrary
_beng
_cYourLibrary
999 _c615436
_d615436